TERRA - Urban Land Reform in Post-War Angola: (Record no. 121410)

MARC details
000 -LEADER
fixed length control field 01828nam a22002537a 4500
008 - FIXED-LENGTH DATA ELEMENTS--GENERAL INFORMATION
fixed length control field 230328s2005 ao ||||| |||| 00| 0 eng d
020 ## - INTERNATIONAL STANDARD BOOK NUMBER
ISBN 9780968878651
041 ## - LANGUAGE CODE
Language code of text/sound track or separate title eng
050 ## - Library of Congress Classification
Class mark 333.31 DEV
245 ## - TITLE STATEMENT
Title TERRA - Urban Land Reform in Post-War Angola:
Subtitle research, advocacy and policy development
260 ## - PUBLICATION INFORMATION
Place of publication Angola,
Publisher Development Worshop,
Date March 2005
300 ## - PHYSICAL DESCRIPTION
Physical description 191p.
Other physical details 23cm
490 ## - SERIES TITLE
Series statement Occasional paper
Volume no.5
505 ## - CONTENTS
Contents Maps; illustrations; aerial pictures
520 ## - ABSTRACT
Abstract The book focuses, naturally, on urban land issues, but needs to be seen in a wider context of changing governance in Angola, and indeed in the Sub-Saharan Africa region. The public consultation on the Land Law was the first such wide consultation by any government in Angola since the nation-state was created, and as such represents an enormous change in relations between the state and its citizens. The book therefore also aims to contribute to a wider review of the consultation process, as a means to draw on this experience to strengthen even further the good governance which this represents as the basis for future state-society partnerships in Angola. In addition the book will permit the research process and findings to be disseminated to a much wider audience, both nationally and internationally, and therefore also contribute to wider sectoral approaches to urban land management, as well as a wider appreciation of this initial experience of practice in good governance.
650 ## - KEYWORDS
Keywords ANGOLA
650 ## - KEYWORDS
Keywords POST-WAR
650 ## - KEYWORDS
Keywords Postwar reconstruction
650 ## - KEYWORDS
Keywords REGENERATION
651 ## - SUBJECT ADDED ENTRY--GEOGRAPHIC NAME
Geographic name Angola
690 ## - BROAD SUBJECT
9 (RLIN) 6251
Broad subject Land use
856 ## - ONLINE RESOURCE
Uniform Resource Identifier <a href="https://www.researchgate.net/publication/323686519_TERRA_-_Urban_Land_Reform_in_Post-War_Angola_-_DW_Occasional_Paper_N5">https://www.researchgate.net/publication/323686519_TERRA_-_Urban_Land_Reform_in_Post-War_Angola_-_DW_Occasional_Paper_N5</a>
Public note Available on Researchgate
942 ## - ADDED ENTRY ELEMENTS (KOHA)
Suppress in OPAC Do not suppress in OPAC
Holdings
Lost status Damaged status Not for loan Home library Current library Shelving location Date acquired Total Checkouts Full call number Date last seen Price effective from Koha item type
      London London Books 28/03/2023   333.31 DEV 28/03/2023 28/03/2023 Book
      Virtual Virtual Online 28/03/2023   ONLINE PUBLICATION 28/03/2023 28/03/2023 Online material